000 02246cam a2200169 4500500
005 20260222010934.0
041 _afre
042 _adc
100 1 0 _aBacot, Jean-Pierre
_eauthor
245 0 0 _aLiberté de la presse, le paradoxe français Jacques LEPRETTE, Henri PIGEAT (sous la direction de) par Jean-Pierre BACOT
260 _c2003.
500 _a61
520 _aDiverses notions de réseau en sciences sociales reposent sur des représentations simplifiées des relations et de leurs dynamiques. En dépit de leurs vertus, ces représentations n’épuisent pas la question de l’élaboration des « réseaux » et de leur texture. Les systèmes et dynamiques relationnels liés à la communication électronique dans la recherche constituent un cas exemplaire pour approfondir cette question. Les « réseaux » sont ici abordés a priori comme des Objets relationnels non identifiés (ORNI). A partir d’enquêtes menées depuis le début des années 1990, l’article précise comment les usages académiques de la communication électronique contribuent à l’élaboration de formes diverses de « mises en réseau » et d’autres types de systèmes relationnels, et parfois à leur destruction.
520 _aNETWORKS, UNIDENTIFIED RELATIONAL OBJECTS? The case of electronic communication in research In the social sciences various notions of networks are based on simplified representations of relations and their dynamics. For all they are worth, these representations fail to exhaust the question of the elaboration of “networks” and their texture. The relational systems and dynamics connected to electronic communication in research constitute a fine example for more indepth analysis of this issue. “Networks” are treated here as Unidentified Relational Objects. Based on surveys undertaken since the early 1990s, the article shows how academic uses of electronic communication contribute towards the elaboration of diverse forms of “networking” and other types of relational systems, and sometimes towards their destruction.
786 0 _nRéseaux | 118 | 2 | 2003-04-01 | p. 271d-293d | 0751-7971
856 4 1 _uhttps://shs.cairn.info/revue-reseaux1-2003-2-page-271d?lang=fr&redirect-ssocas=7080
999 _c1669712
_d1669712